A qui est ce pouvoir - Undead Unluck - Statistiques

Statistiques générales
  • Ce quiz a été pris 34 fois
  • Le résultat moyen est 9 sur 27
Statistiques - réponses
Pouvoir Personnage % Correct
Undead Victor / Andy
95%
Unluck Fuuko Izumo
65%
Untouchable Tatiana
65%
Untruth Shen Xiang / Mui
55%
Unstoppable Top Bull Sparx
55%
Unforgettable Nico Vorgeil
50%
Unseen Sean Datz
50%
Unrepair Rip Tristan
45%
Unchange Gina Chamber
40%
Unfair Bily Alfred
35%
Unjustice Juiz
35%
Unfeel Phil Hawkins
35%
Unvoidable Void Volks / Kenjy Yokezu
35%
Unruin Ruin
30%
Unbreakable Yamaoka / Isshin /Tensshu
30%
Unmove Chikara Shigeno
25%
Unhealthy Lucy
25%
Undraw Yusai
25%
Undecrease Creed Deckard
20%
Unknown Akira Kuno
15%
Unfade Feng Kowloon
15%
Untrust Latla Mirah
15%
Unback Backs
5%
Unsleep Ichico Nemuri
5%
Unburn Enjin
0%
Unchaste Sadako Kurusu
0%
Untell Telia
0%
Aucun quiz correspondant
Distribution des résultats
% des personnes avec chaque résultat
Percentile par nombre de réponses
Votre historique - résultats
Vous n’avez pas pris ce quiz